American history : A survey

محفوظ في:
التفاصيل البيبلوغرافية
المؤلف الرئيسي: Brinkley, Alan
التنسيق: كتاب
اللغة:Undetermined
منشور في: New York McGraw-Hill 2003
الموضوعات:
الوسوم: إضافة وسم
لا توجد وسوم, كن أول من يضع وسما على هذه التسجيلة!
Thư viện lưu trữ: Trung tâm Học liệu Trường Đại học Cần Thơ
LEADER 00506nam a2200205Ia 4500
001 CTU_109857
008 210402s9999 xx 000 0 und d
082 |a 973 
082 |b B858 
100 |a Brinkley, Alan 
245 0 |a American history : 
245 2 |b A survey 
245 0 |c Alan Brinkley 
260 |a New York 
260 |b McGraw-Hill 
260 |c 2003 
650 |a United states 
650 |x History 
904 |i Năm, Q. Hieu 
980 |a Trung tâm Học liệu Trường Đại học Cần Thơ